| Tag |
First Indicator |
Second Indicator |
Subfields |
| LEADER |
00000cam a2200000 i 4500 |
| 001 |
in00004449385 |
| 005 |
20211120112439.0 |
| 006 |
m o d f |
| 007 |
cr b|||||||||| |
| 008 |
101108s1997 gauab ob f000 0 eng c |
| 019 |
|
|
|a 622086816
|a 667898311
|a 984765266
|
| 035 |
|
|
|a (OCoLC)ocn680067986
|
| 042 |
|
|
|a pcc
|
| 043 |
|
|
|a n-us---
|
| 040 |
|
|
|a OCLCE
|b eng
|e rda
|e pn
|c OCLCE
|d OCLCQ
|d OCLCF
|d OCLCQ
|d OCLCO
|d OCLCQ
|d COP
|d OCLCA
|d GPO
|d MvI
|
| 049 |
|
|
|a WWW
|
| 074 |
|
|
|a 0624-B-05 (online)
|
| 086 |
0 |
|
|a I 19.42/4:96-4203
|
| 100 |
1 |
|
|a Dyar, T. R.,
|e author.
|
| 245 |
1 |
0 |
|a Stream-temperature characteristics in Georgia /
|c by T.R. Dyar and S.J. Alhadeff ; prepared in cooperation with the Georgia Department of Natural Resources, Environmental Protection Division.
|
| 264 |
|
1 |
|a Atlanta, Georgia :
|b U.S. Geological Survey,
|c 1997.
|
| 300 |
|
|
|a 1 online resource (xiii, 150 pages) :
|b illustrations, maps.
|
| 336 |
|
|
|a text
|b txt
|2 rdacontent
|
| 337 |
|
|
|a computer
|b c
|2 rdamedia
|
| 338 |
|
|
|a online resource
|b cr
|2 rdacarrier
|
| 490 |
1 |
|
|a Water-resources investigations report ;
|v 96-4203
|
| 588 |
|
|
|a Description based on online resource; title from PDF title page (USGS, viewed July 21, 2021).
|
| 504 |
|
|
|a Includes bibliographical references (pages 31-32).
|
| 650 |
|
0 |
|a Water temperature
|z Georgia.
|
| 650 |
|
0 |
|a Stream measurements
|z Georgia.
|
| 650 |
|
7 |
|a Water temperature.
|2 fast
|0 (OCoLC)fst01172115
|
| 651 |
|
7 |
|a Georgia.
|2 fast
|0 (OCoLC)fst01204622
|
| 700 |
1 |
|
|a Alhadeff, S. Jack,
|e author.
|
| 710 |
2 |
|
|a Geological Survey (U.S.),
|e issuing body.
|
| 710 |
1 |
|
|a Georgia.
|b Environmental Protection Division.
|
| 776 |
0 |
8 |
|i Print version:
|a Dyar, T. R.
|t Stream-temperature characteristics in Georgia
|w (DLC) 97188744
|w (OCoLC)37312235
|
| 830 |
|
0 |
|a Water-resources investigations report ;
|v 96-4203.
|
| 856 |
4 |
0 |
|u https://purl.fdlp.gov/GPO/gpo157860
|t 0
|
| 999 |
f |
f |
|s c2b5f36e-1086-3723-bd8d-c29f982054ee
|i ed0776e6-249f-3173-b9d4-85a340dbd77f
|t 0
|
| 952 |
f |
f |
|a Texas A&M University
|b College Station
|c Electronic Resources
|d Available Online
|t 0
|e I 19.42/4:96-4203
|h Superintendent of Documents classification
|
| 998 |
f |
f |
|a I 19.42/4:96-4203
|t 0
|l Available Online
|